[Event "54th Biel GM Blitz 2021"]
[Site "Biel SUI"]
[Date "2021.07.31"]
[Round "1.2"]
[White "Studer, Noel"]
[Black "Pichot, Alan"]
[Result "0-1"]
[WhiteTitle "GM"]
[BlackTitle "GM"]
[WhiteElo "2581"]
[BlackElo "2630"]
[WhiteFideId "1319620"]
[BlackFideId "110973"]
[EventDate "2021.07.31"]

1. d4 Nf6 2. c4 e6 3. Nf3 d5 4. g3 Be7 5. Bg2 O-O 6. O-O dxc4 7. Qc2 a6 8. a4
Bd7 9. Qxc4 Bc6 10. Bg5 a5 11. Nc3 Na6 12. e3 Nb4 13. Qe2 h6 14. Bxf6 Bxf6 15.
Rfd1 Qe7 16. e4 g6 17. h4 Rfd8 18. Rac1 Bg7 19. Qe3 Rd7 20. Bf1 Rad8 21. Nb5
Bxb5 22. axb5 Qd6 23. Qa3 Qb6 24. e5 c6 25. Qa4 Rd5 26. bxc6 Nxc6 27. Bc4 R5d7
28. Qb5 Qa7 29. d5 Nxe5 30. Nxe5 Bxe5 31. Kg2 Kg7 32. dxe6 Rxd1 33. Qxe5+ Kh7
34. Rxd1 Rxd1 35. exf7 Qa8 36. Qf6 b5+ 37. Kh2 Qh1# 0-1

[Event "54th Biel GM Blitz 2021"]
[Site "Biel SUI"]
[Date "2021.07.31"]
[Round "2.3"]
[White "Pichot, Alan"]
[Black "Lagarde, Maxime"]
[Result "1-0"]
[WhiteTitle "GM"]
[BlackTitle "GM"]
[WhiteElo "2630"]
[BlackElo "2648"]
[WhiteFideId "110973"]
[BlackFideId "662399"]
[EventDate "2021.07.31"]

1. e4 e5 2. Nf3 Nc6 3. Bb5 f5 4. d3 fxe4 5. dxe4 Nf6 6. Qd3 Bc5 7. O-O d6 8. Bc4
Qe7 9. Nc3 Be6 10. Bg5 Bxc4 11. Qxc4 Qf7 12. Nd5 Nxd5 13. exd5 O-O 14. c3 Bb6
15. a4 a5 16. Be3 Ne7 17. Bxb6 cxb6 18. Rad1 Qg6 19. Nd2 Rac8 20. Qb5 Rc5 21.
Qxb6 Nxd5 22. Qxb7 Nf4 23. g3 Rcc8 24. Qe4 Nh3+ 25. Kg2 Qh6 26. Nf3 Rf6 27. Qg4
Rcf8 28. Qxh3 Qxh3+ 29. Kxh3 Rxf3 30. Rxd6 Rxf2 31. Rxf2 Rxf2 32. b4 axb4 33.
cxb4 e4 34. Re6 Re2 35. b5 Kf7 36. Re5 Kf6 37. Re8 Kf7 38. Rd8 Rb2 39. Kg4 Rb4
40. Ra8 g5 41. Kf5 e3 42. Ra7+ Ke8 43. Rc7 Kd8 44. Rc3 e2 45. Re3 Rb2 46. Kxg5
Kc7 47. Kh6 Kb6 48. Kxh7 Ka5 49. Re4 Kb6 50. g4 Kc5 51. g5 Kd5 52. Re8 Kd4 53.
g6 1-0

[Event "54th Biel GM Blitz 2021"]
[Site "Biel SUI"]
[Date "2021.07.31"]
[Round "3.3"]
[White "Keymer, Vincent"]
[Black "Pichot, Alan"]
[Result "1-0"]
[WhiteTitle "GM"]
[BlackTitle "GM"]
[WhiteElo "2591"]
[BlackElo "2630"]
[WhiteFideId "12940690"]
[BlackFideId "110973"]
[EventDate "2021.07.31"]

1. Nf3 Nf6 2. c4 e6 3. Nc3 d5 4. e3 b6 5. cxd5 exd5 6. g3 Bd6 7. Bg2 O-O 8. O-O
Re8 9. Re1 Ba6 10. d3 Nbd7 11. Nd4 c5 12. Ndb5 Ne5 13. d4 Nc6 14. Nxd6 Qxd6 15.
dxc5 Qxc5 16. Nxd5 Nxd5 17. Qxd5 Qxd5 18. Bxd5 Rac8 19. Bd2 Ne5 20. Bc3 Bc4 21.
Bg2 f6 22. Bxe5 Rxe5 23. Red1 Be6 24. Rac1 Rec5 25. Rxc5 Rxc5 26. a3 Bb3 27.
Rd8+ Kf7 28. Be4 f5 29. Bd3 Ke7 30. Rd4 g6 31. h4 Bd5 32. Bf1 Ke6 33. Bg2 Rc1+
34. Kh2 Bc4 35. Rd2 b5 36. Bf3 a5 37. g4 b4 38. axb4 axb4 39. gxf5+ gxf5 40. Be2
Bxe2 41. Rxe2 b3 42. Kg3 Rc2 43. Kf3 Ke5 44. h5 h6 45. Re1 Rxb2 46. Rg1 Kd5 47.
Rg6 Rb1 48. Rxh6 Kc5 49. Rh8 Kc4 50. h6 Rh1 51. h7 b2 52. Rb8 Rxh7 53. Rxb2 Rh4
54. Ra2 Kd5 55. Ra6 Ke5 56. Ke2 Rb4 57. f4+ Kd5 58. Rf6 Rb1 59. Rxf5+ Ke6 60.
Ra5 Rh1 61. Kd3 Rb1 62. Ke4 Rb4+ 63. Kf3 Rb3 64. f5+ Kf6 65. Kf4 Rb6 66. e4 Rc6
67. Ra7 Rc4 68. Ra6+ Kf7 69. f6 Rc5 70. e5 Rc1 71. Ra7+ Ke6 72. Re7+ 1-0

[Event "54th Biel GM Blitz 2021"]
[Site "Biel SUI"]
[Date "2021.07.31"]
[Round "4.2"]
[White "Pichot, Alan"]
[Black "Nihal, Sarin"]
[Result "0-1"]
[WhiteTitle "GM"]
[BlackTitle "GM"]
[WhiteElo "2630"]
[BlackElo "2620"]
[WhiteFideId "110973"]
[BlackFideId "25092340"]
[EventDate "2021.07.31"]

1. e4 e5 2. Nf3 Nc6 3. Bb5 a6 4. Ba4 Nf6 5. O-O Be7 6. Re1 b5 7. Bb3 O-O 8. a4
Bb7 9. d3 d6 10. Bd2 b4 11. c3 Rb8 12. a5 Bc8 13. Bc4 bxc3 14. bxc3 Be6 15. Qa4
Bxc4 16. Qxc4 Qd7 17. Qxa6 Ra8 18. Qc4 Nxa5 19. Qa2 Qc6 20. Qc2 Nb7 21. Rxa8
Rxa8 22. Be3 Ng4 23. Bc1 Nc5 24. h3 Nf6 25. Be3 Qa4 26. Qe2 Nfd7 27. Bxc5 Nxc5
28. d4 exd4 29. cxd4 Ne6 30. Qd3 h6 31. Nc3 Qd7 32. Nd5 Bf8 33. Rc1 Rb8 34. Ne3
Qa4 35. Kh2 g6 36. Nd5 c5 37. dxc5 dxc5 38. e5 Rd8 39. Nf6+ Kg7 40. Qe3 Qf4+ 41.
Qxf4 Nxf4 42. Rc4 Nd3 43. Ne4 Rd5 44. Nc3 Nxe5 45. Nxe5 Rxe5 46. Kg3 f5 47. Kf3
Kf6 48. Ra4 Re6 49. Nd5+ Ke5 50. Nf4 Rb6 51. Ra3 c4 52. Ra5+ Kd4 53. Rd5+ Kc3
54. g4 fxg4+ 55. hxg4 Kb3 56. Ne2 c3 57. Rd3 Bb4 58. Kg3 Kb2 59. Nxc3 Bxc3 60.
f4 Kc2 61. Rd5 Kb3 62. Rd7 Kc4 63. Rh7 g5 64. fxg5 hxg5 65. Rd7 Rd6 66. Rc7+ Kd3
67. Re7 Rd5 68. Kf3 Be5 69. Ra7 Bf4 70. Ra3+ Kc4 71. Ke4 Re5+ 72. Kf3 Rd5 73.
Ke4 Rd4+ 74. Kf5 Rd3 75. Ra4+ Kd5 76. Ra8 Rd4 77. Rd8+ Kc4 78. Ra8 Rd5+ 79. Ke6
Re5+ 80. Kf6 Kd3 81. Ra3+ Ke2 82. Rb3 Kf2 83. Ra3 Re3 84. Ra2+ Kf3 0-1

[Event "54th Biel GM Blitz 2021"]
[Site "Biel SUI"]
[Date "2021.07.31"]
[Round "6.4"]
[White "Pichot, Alan"]
[Black "Alekseenko, Kirill"]
[Result "0-1"]
[WhiteTitle "GM"]
[BlackTitle "GM"]
[WhiteElo "2630"]
[BlackElo "2699"]
[WhiteFideId "110973"]
[BlackFideId "4135539"]
[EventDate "2021.07.31"]

1. e4 e5 2. Nf3 Nc6 3. Bb5 a6 4. Ba4 d6 5. O-O Bd7 6. d4 Nge7 7. d5 Nb8 8. c4
Ng6 9. Be3 Be7 10. Nc3 O-O 11. Bxd7 Nxd7 12. Qd2 Nf6 13. h3 Nh5 14. Ne2 Qd7 15.
Qc2 f5 16. exf5 Rxf5 17. Nd2 Raf8 18. Ne4 R5f7 19. Rad1 Nh4 20. Kh2 h6 21. c5
Bd8 22. b4 Be7 23. a4 Qf5 24. N2g3 Qg6 25. cxd6 cxd6 26. Rc1 Nf4 27. Nd2 Qxc2
28. Rxc2 Nfxg2 29. Bb6 Bg5 30. Nde4 Nf4 31. Nxd6 Nf3+ 32. Kh1 Rd7 33. Nde4 Rxd5
34. Rc7 Rf7 35. Rc8+ Kh7 36. a5 Rd3 37. Bc5 Nxh3 38. Nd6 Rf4 39. Rc7 Bf6 40. Nh5
Rh4 41. Nxf6+ Kg6 42. Kg2 Nf4+ 43. Kg3 Rh3+ 44. Kg4 Nh2# 0-1

[Event "54th Biel GM Blitz 2021"]
[Site "Biel SUI"]
[Date "2021.07.31"]
[Round "7.1"]
[White "Kamsky, Gata"]
[Black "Pichot, Alan"]
[Result "0-1"]
[WhiteTitle "GM"]
[BlackTitle "GM"]
[WhiteElo "2658"]
[BlackElo "2630"]
[WhiteFideId "2000024"]
[BlackFideId "110973"]
[EventDate "2021.07.31"]

1. e4 c5 2. Nc3 d6 3. Bc4 e6 4. a3 Nf6 5. Ba2 Be7 6. d3 a6 7. Nf3 b5 8. O-O Bb7
9. Ne2 d5 10. e5 Nfd7 11. d4 cxd4 12. Nexd4 Nc6 13. Nxc6 Bxc6 14. Re1 Qc7 15. c3
Bb7 16. Bb1 Nc5 17. Nd4 Ne4 18. f3 Nc5 19. Bf4 g5 20. Bd2 h5 21. Bc2 Rg8 22. b4
Nd7 23. Qe2 Nb6 24. a4 bxa4 25. Bxa4+ Nxa4 26. Rxa4 Rc8 27. b5 a5 28. Rea1 Bc5
29. Rxa5 Bb6 30. R5a4 Rg6 31. Kh1 Kf8 32. R4a3 Kg7 33. Re1 Qc4 34. Qxc4 Rxc4 35.
Be3 Bc5 36. Rb3 g4 37. b6 gxf3 38. gxf3 h4 39. Rg1 h3 40. Rxg6+ Kxg6 41. Kg1 Ra4
42. Kf2 Ra6 43. Nc2 Be7 44. Rb2 Bh4+ 45. Ke2 Ra4 46. f4 Kf5 47. Kf3 d4+ 48. Ke2
dxe3 49. Kxe3 Re4+ 50. Kd3 Rxf4 51. Nd4+ Kxe5 52. Rb5+ Kd6 53. Rh5 Bf6 54. Nb3
Rf3+ 55. Kc4 Rxc3+ 56. Kb4 Rc6 57. Kb5 Rc3 58. Na5 Bd5 59. Rh7 Rc5+ 60. Ka6 Bc3
61. Nb7+ Bxb7+ 62. Kxb7 f5 63. Rxh3 Bd4 64. Rd3 Ke5 65. Rb3 Rd5 66. Kc8 Bxb6 67.
Rxb6 Rd2 68. Rb5+ Ke4 69. Rb4+ Ke5 70. h4 f4 71. Rb3 Kf5 72. h5 Rh2 73. Kd7 e5 0-1

[Event "54th Biel GM Blitz 2021"]
[Site "Biel SUI"]
[Date "2021.07.31"]
[Round "8.2"]
[White "Pichot, Alan"]
[Black "Studer, Noel"]
[Result "1-0"]
[WhiteTitle "GM"]
[BlackTitle "GM"]
[WhiteElo "2630"]
[BlackElo "2581"]
[WhiteFideId "110973"]
[BlackFideId "1319620"]
[EventDate "2021.07.31"]

1. e4 e5 2. Nf3 Nf6 3. Nxe5 d6 4. Nf3 Nxe4 5. Bd3 Nf6 6. O-O Be7 7. Re1 O-O 8.
Bf1 Bg4 9. h3 Bh5 10. d4 d5 11. c3 c6 12. Bf4 Bd6 13. Bxd6 Qxd6 14. Nbd2 Nbd7
15. g4 Bg6 16. Ne5 Ne4 17. Bg2 f5 18. f3 Nxe5 19. fxe4 Nd3 20. e5 Qe7 21. Rf1
Qg5 22. Qe2 Nf4 23. Qf3 fxg4 24. Qxg4 Nxh3+ 25. Qxh3 Qxd2 26. Qe6+ Kh8 27. Qg4
Qe3+ 28. Kh2 Qh6+ 29. Kg1 Bd3 30. Rxf8+ Rxf8 31. Re1 Qd2 32. Qg3 Bf5 33. Rf1 Qh6
34. Bh3 Qg6 35. Kh2 Qxg3+ 36. Kxg3 g6 37. Bxf5 gxf5 38. Kf4 Rg8 39. e6 Kg7 40.
Ke5 Kf8 41. Rxf5+ Ke8 42. Rf7 Rg2 43. Kd6 Rxb2 44. Rxh7 1-0

[Event "54th Biel GM Blitz 2021"]
[Site "Biel SUI"]
[Date "2021.07.31"]
[Round "9.3"]
[White "Lagarde, Maxime"]
[Black "Pichot, Alan"]
[Result "1/2-1/2"]
[WhiteTitle "GM"]
[BlackTitle "GM"]
[WhiteElo "2648"]
[BlackElo "2630"]
[WhiteFideId "662399"]
[BlackFideId "110973"]
[EventDate "2021.07.31"]

1. e4 c5 2. Nf3 Nc6 3. Bb5 g6 4. c3 Nf6 5. Qe2 Bg7 6. d4 cxd4 7. cxd4 d5 8. e5
Ne4 9. O-O O-O 10. Rd1 Qb6 11. Nc3 Nxc3 12. bxc3 Bf5 13. Nh4 Bd7 14. Bd3 Rac8
15. f4 Na5 16. Rb1 Qc7 17. Bd2 e6 18. g4 Nc4 19. Be1 f6 20. Bg3 fxe5 21. fxe5 b6
22. Ng2 Qd8 23. h4 Be8 24. Nf4 Qe7 25. Rf1 Nxe5 26. dxe5 Rxc3 27. Rf3 Qc5+ 28.
Bf2 Qc8 29. Rf1 Rc1 30. Bd4 Rxf1+ 31. Qxf1 Bd7 32. h5 g5 33. Ne2 h6 34. Rxf8+
Bxf8 35. Qf6 Bg7 36. Qf3 Be8 37. Qe3 Qc7 38. Kf2 Qf7+ 39. Qf3 Qe7 40. Qe3 Qf7+
41. Ke1 Qe7 42. Qc1 Qd7 43. Qc2 Kf8 44. Nc3 Qc7 45. Qe2 Kg8 46. Kd1 Qe7 47. Bc2
Qb4 48. Qd3 Kf8 49. Kd2 Bb5 50. Qe3 Be8 51. Qf2+ Kg8 52. Qe3 Bd7 53. Kc1 Qa3+
54. Kb1 Qb4+ 55. Bb3 Be8 56. Kc1 Qa3+ 57. Kd1 Qb4 58. Qd2 Qf8 59. Qe3 Qf1+ 60.
Kd2 Qg2+ 61. Qe2 Qg3 62. Bc2 Qf4+ 63. Qe3 Qxg4 64. Bg6 Bxg6 65. hxg6 Qf5 66. Nb5
Qxg6 67. Nxa7 g4 68. Ke1 h5 69. Nc6 Kh7 70. Ke2 Qc2+ 71. Kf1 Qxc6 72. Qd3+ Kg8
73. Qg6 Qc4+ 74. Kg2 Qe2+ 75. Kg1 Qe1+ 76. Kh2 Qe2+ 77. Kg1 Qd1+ 78. Kh2 Qd2+
79. Kg3 Qh6 80. Qxh6 Bxh6 81. Kh4 Bf8 82. Bxb6 Be7+ 83. Kxh5 g3 84. Kg4 g2 85.
Kf3 Bd8 86. Bd4 Kf7 87. Kxg2 Kg6 88. Kf3 Kf5 89. a4 Bc7 90. Ke3 Bxe5 91. a5 Bf4+
92. Kd3 e5 93. a6 e4+ 94. Kc3 Bb8 95. Kb4 e3 96. Bxe3 Ke4 97. Bh6 d4 98. Kb5 Ba7
99. Kc6 d3 100. Kb7 Bd4 101. Bd2 Kf3 102. Bc3 Be3 103. Bd2 Bd4 104. Ba5 Ke2 105.
a7 Bxa7 106. Kxa7 d2 107. Bxd2 Kxd2 1/2-1/2

[Event "54th Biel GM Blitz 2021"]
[Site "Biel SUI"]
[Date "2021.07.31"]
[Round "10.3"]
[White "Pichot, Alan"]
[Black "Keymer, Vincent"]
[Result "0-1"]
[WhiteTitle "GM"]
[BlackTitle "GM"]
[WhiteElo "2630"]
[BlackElo "2591"]
[WhiteFideId "110973"]
[BlackFideId "12940690"]
[EventDate "2021.07.31"]

1. e4 c6 2. d4 d5 3. e5 Bf5 4. Nf3 e6 5. c3 c5 6. Be3 Qb6 7. Qb3 c4 8. Qa4+ Qc6
9. Qxc6+ Nxc6 10. Nh4 Bc2 11. Nd2 h6 12. f4 Be7 13. Nhf3 b5 14. a3 h5 15. Be2
Nh6 16. Bd1 Bg6 17. h3 Kd7 18. Bf2 a5 19. O-O Kc7 20. Bh4 Nf5 21. Bxe7 Ncxe7 22.
Kf2 h4 23. b4 axb4 24. cxb4 Nc6 25. Bc2 Nfxd4 26. Bxg6 fxg6 27. Rfc1 Ra4 28.
Nxd4 Nxd4 29. Ke3 Nf5+ 30. Ke2 Rha8 31. Nb1 Nd4+ 0-1

[Event "54th Biel GM Blitz 2021"]
[Site "Biel SUI"]
[Date "2021.07.31"]
[Round "11.2"]
[White "Nihal, Sarin"]
[Black "Pichot, Alan"]
[Result "1-0"]
[WhiteTitle "GM"]
[BlackTitle "GM"]
[WhiteElo "2620"]
[BlackElo "2630"]
[WhiteFideId "25092340"]
[BlackFideId "110973"]
[EventDate "2021.07.31"]

1. d4 Nf6 2. Bf4 d5 3. e3 c5 4. dxc5 Nc6 5. Bb5 e6 6. b4 a5 7. c3 Bd7 8. Qb3 Be7
9. Nf3 O-O 10. O-O b6 11. Bxc6 Bxc6 12. b5 a4 13. Qb2 Be8 14. c6 Ne4 15. Nbd2
Nc5 16. c4 Bf6 17. Be5 a3 18. Qd4 Bxe5 19. Qxe5 f6 20. Qc3 e5 21. cxd5 Qxd5 22.
Nc4 Ne4 23. Qb4 1-0

[Event "54th Biel GM Blitz 2021"]
[Site "Biel SUI"]
[Date "2021.07.31"]
[Round "12.4"]
[White "Pichot, Alan"]
[Black "Gelfand, Boris"]
[Result "1-0"]
[WhiteTitle "GM"]
[BlackTitle "GM"]
[WhiteElo "2630"]
[BlackElo "2675"]
[WhiteFideId "110973"]
[BlackFideId "2805677"]
[EventDate "2021.07.31"]

1. e4 c5 2. Nf3 Nc6 3. d4 cxd4 4. Nxd4 Nf6 5. Nc3 e5 6. Ndb5 d6 7. Nd5 Nxd5 8.
exd5 Nb8 9. c4 Be7 10. Bd3 a6 11. Nc3 O-O 12. O-O f5 13. f3 Nd7 14. a3 Bg5 15.
b4 b6 16. Kh1 Ra7 17. Qe1 Rc7 18. Bxg5 Qxg5 19. Rc1 e4 20. f4 Qf6 21. Be2 Bb7
22. Qd2 Rfc8 23. Nd1 b5 24. Ne3 bxc4 25. Rxc4 Nb6 26. Rxc7 Rxc7 27. Rc1 Rxc1+
28. Qxc1 Bxd5 29. h3 Be6 30. Qc6 Nd7 31. Qxd6 Nf8 32. Qxa6 Qd4 33. Bc4 Qxe3 34.
Bxe6+ Kh8 35. Qc8 1-0

[Event "54th Biel GM Blitz 2021"]
[Site "Biel SUI"]
[Date "2021.07.31"]
[Round "13.1"]
[White "Pichot, Alan"]
[Black "Kamsky, Gata"]
[Result "0-1"]
[WhiteTitle "GM"]
[BlackTitle "GM"]
[WhiteElo "2630"]
[BlackElo "2658"]
[WhiteFideId "110973"]
[BlackFideId "2000024"]
[EventDate "2021.07.31"]

1. e4 c5 2. Nf3 e6 3. d4 cxd4 4. Nxd4 a6 5. Bd3 g6 6. O-O Bg7 7. c3 Ne7 8. f4 f5
9. exf5 exf5 10. Qf3 O-O 11. Be3 Nbc6 12. Nb3 b6 13. Qf2 Rb8 14. Na3 Kh8 15.
Rad1 Nd5 16. Bc4 Nxe3 17. Qxe3 b5 18. Bd5 Qb6 19. Qxb6 Rxb6 20. Nc2 a5 21. a3 b4
22. axb4 axb4 23. Nc5 bxc3 24. bxc3 Ne7 25. Bf3 d6 26. Rfe1 dxc5 27. Rxe7 Bxc3
28. Be2 Rb2 29. Na3 Bd4+ 30. Kf1 Bb7 31. Nc4 Rb4 32. Nd6 Bd5 33. Rd7 Be6 34. Re7
Bb3 35. Rb1 Bg8 36. Rxb4 cxb4 37. Rb7 b3 38. Nc4 Rc8 39. Rb4 Bc3 40. Rxb3 Rxc4
41. Rb8 Rc7 42. Bf3 Kg7 0-1

[Event "54th Biel GM Blitz 2021"]
[Site "Biel SUI"]
[Date "2021.07.31"]
[Round "14.4"]
[White "Alekseenko, Kirill"]
[Black "Pichot, Alan"]
[Result "0-1"]
[WhiteTitle "GM"]
[BlackTitle "GM"]
[WhiteElo "2699"]
[BlackElo "2630"]
[WhiteFideId "4135539"]
[BlackFideId "110973"]
[EventDate "2021.07.31"]

1. e4 e5 2. Nf3 Nc6 3. Bb5 a6 4. Ba4 Nf6 5. O-O Bc5 6. Bxc6 dxc6 7. d3 Qe7 8.
Qe2 Bg4 9. Be3 Bd6 10. Nbd2 Nd7 11. Kh1 f6 12. a3 Nf8 13. Qe1 Ne6 14. Nh4 O-O-O
15. f3 Bh5 16. Nf5 Qd7 17. Nc4 Bf8 18. b4 Bf7 19. a4 g6 20. Ng3 Nd4 21. Bxd4
Qxd4 22. Ne2 Qd7 23. Qc3 b6 24. b5 a5 25. Nxa5 bxa5 26. Qxa5 Qd6 27. d4 Kd7 28.
dxe5 Qxe5 29. Rad1+ Bd6 30. f4 Qxe4 31. Nc3 Qc4 32. bxc6+ Qxc6 33. Nb5 Ke7 34.
Nd4 Qc4 35. f5 Be5 36. Nf3 Rxd1 37. Rxd1 Rd8 38. Re1 Rd5 39. Qa8 gxf5 40. a5 Qc3
41. a6 Qxe1+ 42. Nxe1 Rd1 43. Kg1 Bd4+ 0-1